বেসিক জাপানিজ গ্রামার বুক /

Bibliographic Details
Main Author: রাজ্জাক, মো. আব্দুর
Format: Unknown
Language:Bengali
Japanese
English
Published: ঢাকা : প্রান্ত প্রকাশন, ২০১৫.
Subjects:
LEADER 02172 a2200313 4500
001 44782
003 BD-DhAAL
005 20251111172247.0
008 250914t2015 bg a|||| |||| 00| 0 ben d
020 |a 9789849131939 
040 |a BD-DhAAL  |c BD-DhAAL 
041 |a ben  |a jpn  |a eng 
082 |a 495.65  |2 23 
100 |a রাজ্জাক, মো. আব্দুর.  |9 59253 
245 |a বেসিক জাপানিজ গ্রামার বুক /   |c মো. আব্দুর রাজ্জাক. 
246 |a Basic japanese grammar book 
260 |a ঢাকা :  |b প্রান্ত প্রকাশন,  |c ২০১৫. 
300 |a ১০৩ পৃষ্ঠা :  |b চিত্র ;  |c ২৪ সে.মি. 
500 |a প্রথম প্রকাশ ২০১৫ 
526 |a CSE  |x Annajiat Alim Rasel Senior Lecturer Department of Computer Science & Engineering Course Name and No: Japanese Language and General for ITEE (JPN 101) 
541 |a Hye Trade Internation  |e 44782, 44783 
650 |a Japanese language  |x Grammar.  |9 59307 
650 |a Japanese language  |x Writing. 
650 |a Japanese language  |x Spoken Japanese.  |9 59311 
852 |a Ayesha Abed Library  |c General Stacks 
942 |2 ddc  |c BK 
999 |c 47466  |d 47466 
952 |0 0  |1 0  |2 ddc  |3 Need to change call number within the book ; After returning the book, please send it to cataloguing team.  |4 0  |6 495_650000000000000_RAZ  |7 0  |9 78169  |a BRACUL  |b BRACUL  |c NEW  |d 2025-09-08  |e Hye Trade International  |g 234.00  |l 2  |m 26  |o 495.65 RAZ  |p 3010044782  |q 2026-05-19  |r 2025-10-22  |s 2025-10-22  |t 1  |v 468.00  |w 2025-09-08  |y BK  |x Requisitioned by Annajiat Alim Rasel (Senior Lecturer, Department of Computer Science and Engineering, BRAC University) for the course named - 'Japanese Language and General for ITEE (JPN 101)' 
952 |0 0  |1 0  |2 ddc  |4 0  |6 495_650000000000000_RAZ  |7 0  |9 78170  |a BRACUL  |b BRACUL  |c GEN  |d 2025-09-08  |e Hye Trade International  |g 234.00  |l 0  |o 495.65 RAZ  |p 3010044783  |r 2025-09-08  |t 2  |v 468.00  |w 2025-09-08  |y BK  |x Requisitioned by Annajiat Alim Rasel (Senior Lecturer, Department of Computer Science and Engineering, BRAC University) for the course named - 'Japanese Language and General for ITEE (JPN 101)'